(Record no. 188650)

MARC details
000 -LEADER
fixed length control field 00532nam a2200145Ia 4500
041 ## - LANGUAGE CODE
Language code of text/sound track or separate title Arabic
082 ## - DEWEY DECIMAL CLASSIFICATION NUMBER
Classification number 346,07 cut-489 ن
100 ## - MAIN ENTRY--PERSONAL NAME
Personal name 20260118u\\\\\\\\\\\y0engy0103\\\\ba
Personal name المحامي موريس نخله
245 #0 - TITLE STATEMENT
Title الكامل في شرح القانون المدني دراسة مقارنة الجزء الاول من المادة ١ حتى المادة ١١٨
250 ## - EDITION STATEMENT
Edition statement ط1
260 ## - PUBLICATION, DISTRIBUTION, ETC. (IMPRINT)
Name of publisher, distributor, etc منشورات الحلبي الحقوقية
Place of publication, distribution, etc بيروت - لبنان
Date of publication, distribution, etc 2007
300 ## - PHYSICAL DESCRIPTION
Extent 380
942 ## - ADDED ENTRY ELEMENTS (KOHA)
Koha item type Books
Holdings
Withdrawn status Lost status Damaged status Not for loan Collection code Home library Current library Shelving location Date acquired Total Checkouts Full call number Barcode Date last seen Copy number Price effective from Koha item type
          Koya University Central Library Koya University Central Library Books 18/01/2026   346,07 cut-489 ن 0000092385 18/01/2026 1 18/01/2026 Books